The Onion: Our Dumb World Countries Quiz Stats

 Plays Quiz not verified by Sporcle

Challenge
Share
Tweet
Embed
Score 0/100 Timer 13:00
0 Plays Today
Title Country % Correct
Blowing Their Pot O' Gold on WhiskeyIreland
59.4%
So 'Cold' From All the 'Ice'Iceland
58.9%
Preventing Argentina From Enjoying the Pacific Ocean Since 1818Chile
58.4%
So Sorry for Getting NukedJapan
57.1%
Neutral....Too NeutralSwitzerland
56.4%
A Beautiful Nazi Retirement CommunityArgentina
56.2%
For the United States, See Pages 9-22Canada
55.7%
Enjoying a Three-Century SiestaSpain
55.3%
True Rasta No Develop CountryJamaica
54.4%
At Least We're Not Democratic Republic of CongoRepublic of Congo
53.9%
Genocide-Free Since April 11, 1946Germany
53.9%
A Proud Tradition of Chocolate, and Also Some Other StuffBelgium
53.6%
The Land of OpportunismUnited States of America
53.2%
The Catholic DisneylandVatican City
52.4%
They are Called 'Kyrgyz,' and it Only Goes Downhill from ThereKyrgyzstan
52.2%
A Possible Likely Threat to the Free World, MaybeIran
50.8%
People at Their Most Beautiful, Humanity at its UgliestBrazil
50.5%
A Human Assembly LineChina
49.9%
All is ForbiddenSaudi Arabia
49.5%
Would Trade it All for a Little More KashmirPakistan
48.8%
Totally Out of This Atlas Section As Soon as the EU Accepts ThemTurkey
48.1%
Running 26.2 Miles From Their ProblemsKenya
47.9%
The Empty Promised LandIsrael
47.6%
As seen on Animal PlanetAustralia
47.1%
South Africa's South AfricaLesotho
46.7%
Always With the Goddamn Pan FlutesPeru
45.7%
Where a Kid Can be a Kid ProstituteThailand
45.6%
It's a Winter Wonderland!Finland
45.4%
2,500 Years Past its PrimeGreece
45.1%
They Had it ComingIraq
44.5%
Now Hiring 2.4 Million BusboysMexico
44.3%
Ruled By LemursMadagascar
43.8%
Still Searching For IndiaPortugal
43.3%
Right on the EquatorishEquatorial Guinea
42.3%
Title Country % Correct
Where Everything is LegalNetherlands
41.4%
Nobel Prize Winner for Great CheekbonesSweden
39.7%
The Bridebasket of EuropeUkraine
39.7%
South America's MiddlemanColombia
39.4%
A Shortcut With its Own National AnthemPanama
38.2%
Escaping the American DreamLiberia
37.6%
One Nation Above GodFrance
37%
In a World....Where Nothing is as it Seems....New Zealand
36.2%
Where the Streets are Paved With SkullsCambodia
35.3%
Please Hold While We Die of MalariaIndia
34.9%
Living High Off the LandBolivia
34.3%
So We've Done a Little Ethnic Cleansing...Serbia
33.9%
A Great Ballpark in a Bad NeighborhoodDominican Republic
33.8%
Badly in Need of a SaviorEl Salvador
33.5%
Once a Mighty Atlas EntryMongolia
31.1%
The Haiti of EuropeAlbania
30.8%
Suppressing the Urge to Chop You in Half With an AxeNorway
30.6%
Why Spend Hundreds on a Name-Brand African Country?Central African Republic
30.5%
Living Fat Off the LandSamoa
30.5%
An Island Nation, Not a DiseaseMauritius
30.1%
What are You Looking at?Italy
28.5%
The Distended Belly of AfricaEthiopia
27.9%
$&#* EveryoneVenezuela
27.5%
Allah's Cat BoxAfghanistan
27%
Plight of the Living DeadHaiti
26.8%
Where the Rich Can Strike it RicherMonaco
26.8%
This Luggage isn't Going to Move ItselfBahamas
26.1%
Your Urgent Assistence is RequestedNigeria
25.1%
Inhabitable by 2307Belarus
25%
Surging Ahead to the 19th CenturyUK
24.9%
Terrorism's Farm TeamAlgeria
24.5%
The Land That Time, Newsweek, and USA Today ForgotRwanda
24%
Partners in War CrimeBosnia and Herzegovina
23.9%
Fighting AIDS With Bamboo SpearsSwaziland
23.7%
Title Country % Correct
The Outlet Mall of EuropeAndorra
23.1%
Rotate Page 360 Degrees to ReadPoland
22.9%
A Neighbor You Can Bank onLiechtenstein
22.6%
Like a Zoo You Get Killed AtDemocratic Republic of Congo
22.3%
Where People Go To Say They've BeenCzech Republic
21.5%
Congratulations, You Just Laughed at Thousands of Starving PeopleDjibouti
21.5%
A Bad NeighborhoodSouth Africa
20.9%
God's Practical JokeBangladesh
20.3%
A Forward-Thinking Post-Apocalyptic NationSomalia
19.9%
A Money-Rich NationBrunei
19.6%
Properties Available, Inquire TodayCosta Rica
19.6%
Conveniently Located in the Middle of $&#*ing NowehereMali
19.3%
Free Admission on SundaysEgypt
19.1%
Just Not the Same Without the Civil WarAngola
18.8%
Just Getting Out of a Bad International RelationshipMontenegro
18.8%
Willing to Relocate for WorkPhilippines
18.8%
Driven From a Land That Was Wrongfully TheirsZimbabwe
18.3%
A Country Divided Exactly in HalfCyprus
17.9%
Where Even the Elephants Take BribesChad
17.6%
Please Remove Your Shoes Before Reading ThisBhutan
17.5%
Ancestral Homeland of the GoonsBulgaria
17.2%
In Africa's Success Story, a Hidden GenocideGhana
17.2%
The Completist's GenocideBurundi
16.5%
Where All Roads Lead to Serious InjuryCroatia
16.2%
Earth's CrawlspaceNepal
13.7%
What the $&#* Are These Other Countries Thinking?Benin
13.6%
You'll Only Find it on a MapCameroon
13.2%
You Will Be Shot on SightMyanmar
12.9%
Definitely Possibly a CountrySeychelles
12.2%
Demoted to the Fourth WorldCape Verde
11.8%
Keep Your Chin Up!Guinea-Bissau
11.6%
No Child Left AliveUganda
10.2%

You're not logged in!

Compare scores with friends on all Sporcle quizzes.
Join for Free
OR
Log In

You Might Also Like...

Show Comments

Extras

Created Aug 6, 2010ReportNominate

Top Quizzes Today


Score Distribution

Your Account Isn't Verified!

In order to create a playlist on Sporcle, you need to verify the email address you used during registration. Go to your Sporcle Settings to finish the process.

Report this User

Report this user for behavior that violates our Community Guidelines.

Details: